Statistics for Football Teams at the 2016 Summer Olympics

Click here to take the quiz!

General Stats

  • This quiz has been taken 299 times
  • The average score is 18 of 28

Answer Stats

GroupTeam% Correct
Group ABrazil
93%
Group EBrazil
93%
Group DArgentina
90%
Group GUnited States
86%
Group GFrance
82%
Group FGermany
82%
Group CGermany
82%
Group BJapan
79%
Group CMexico
77%
Group FCanada
70%
Group FAustralia
69%
Group DPortugal
69%
Group BSweden
69%
Group ESweden
69%
Group EChina
68%
Group CSouth Korea
66%
Group BColombia
62%
Group GColombia
62%
Group BNigeria
56%
Group ADenmark
52%
Group ESouth Africa
51%
Group ASouth Africa
51%
Group GNew Zealand
50%
Group DAlgeria
39%
Group AIraq
35%
Group DHonduras
30%
Group CFiji
17%
Group FZimbabwe
10%

Score Distribution

Percentile by Number Answered

Percent of People with Each Score

Your Score History

You have not taken this quiz